|
|
|
|
| LEADER |
01032nam a2200241 a 4500 |
| 001 |
15230012 |
| 008 |
090716r19972003nyu b 001 0 eng d |
| 010 |
|
|
|a 2008012830
|
| 020 |
|
|
|a 8185618984
|
| 040 |
|
|
|a DLC
|c DLC
|
| 082 |
0 |
0 |
|a 821/.3
|2 22
|
| 245 |
0 |
4 |
|a The sonnets /
|c edited by G.Blakemore Evans and Anthony Hecht.
|
| 260 |
|
|
|a New York ;
|a New Delhi:
|b Bloom's Literary Criticism;
|b Oxford University Press,
|c c1997[reprinted 2003].
|
| 300 |
|
|
|a xvii, 296 p. ;
|c 20 cm.
|
| 504 |
|
|
|a Includes bibliographical references (p. 361-376) and index.
|
| 541 |
1 |
|
|e 00009298
|
| 600 |
1 |
0 |
|a Shakespeare, William,
|d 1564-1616.
|t Sonnets.
|
| 650 |
|
0 |
|a Sonnets, English
|x History and criticism.
|
| 700 |
1 |
|
|a Evans,G.Blakemore
|
| 700 |
1 |
|
|a Hecht,Anthony.
|
| 852 |
4 |
|
|a Ayesha Abed Library
|j General Shelf.
|
| 999 |
|
|
|c 2600
|d 2600
|
| 952 |
|
|
|0 0
|1 0
|2 ddc
|4 0
|6 821_300000000000000_SON_2003
|7 0
|9 2369
|a BRACUL
|b BRACUL
|c GEN
|d 2009-07-21
|g 0.00
|l 30
|m 191
|o 821.3 SON
|p 3010009298
|r 2026-05-17
|s 2026-02-02
|t 1
|w 2009-07-21
|y BK
|x No price found in the accession register.
|